Automatizace a řízení výroby surového železa : časové rozmezí 1976-1979 : rešere /
Saved in:
| Other Authors: | |
|---|---|
| Format: | Book |
| Language: | Czech |
| Published: |
Ostrava :
Státní vědecká knihovna,
1980.
|
| Edition: | 1. vyd. |
| Series: | Rešerše. Řada 3
č. 1800 |
| ISBN: |
(brož.) |
| Physical Description: |
39 s. |
| Tags: |
Add Tag
No Tags, Be the first to tag this record!
|
Titul je dostupný aj v ... 

MARC
| LEADER | 00000nam a2200000 a 4500 | ||
|---|---|---|---|
| 001 | 000098310 | ||
| 005 | 20091109185210.0 | ||
| 008 | 040101s1980 xr e cze d | ||
| 020 | |a (brož.) | ||
| 040 | |a SVKKK |b slo |c SVKKK |e AACR2 | ||
| 041 | 0 | |a cze | |
| 044 | |a xr |c CZ | ||
| 245 | 0 | 0 | |a Automatizace a řízení výroby surového železa : |b časové rozmezí 1976-1979 : rešere / |c zost. Oldřich Hanusek. |
| 250 | |a 1. vyd. | ||
| 260 | |a Ostrava : |b Státní vědecká knihovna, |c 1980. | ||
| 300 | |a 39 s. | ||
| 490 | 1 | |a Rešerše. Řada 3 |v č. 1800 | |
| 700 | 1 | |a Hanusek, Oldřich |4 com | |
| 830 | 0 | |a Rešerše. Řada 3 |v č. 1800 | |
| 910 | |a svkkk | ||
| 998 | |a BK | ||
| 090 | |g SCKHL |k Sklad Pribinova 2. posch. |a II.258904 |j 621196 |i 98310-10 |s Absenčne | ||